1816 1177 1342 1709 1844 1763 1567 1579 1462 1078 1859 1875 1093 1211 1561 1470 1720 1751 1249 1637 1414 1249 1443 1615 1895 1889 1619 1744 1213 1786 1246 1150 1904 1026 1361 1247 1063 1757 1324 1413 1065 1972 1065 1397 1670 1053 1439 1882 1105 1497 1573 1243 1240 1143 1372 1784 1860 1121 1470 1204 1702 1056 1462 1484 1847 1034 1725 1055 1277 1530 1757 1086 1068 1541 1727 1679 1003 1570 1673 1033 1035 1939 1345 1726 1194 1271 1569 1566 1565 1175 1854 1721 1589 1323 1345 1782 1424 1141 1716 BCNSPRNW ULIB Ver.6.0+V

เปลี่ยนเป็นภาษาไทย

Change to English
 แสดงรายละเอียดบรรณานุกรม
  กลับหน้าหลัก

Brief Record : Get Marc (ISO 2709) : E-mail record : QR code < ปิดหน้าต่าง
LEADER : 00000nam 2200000uu 4500
001    13399112161
003     ULIB
008    110729s2545||||th 000 0 tha d
020    9748714926
050 04 HD30.28^bว848ว 2544
100 0  วีรวุธ มาฆะศิรานนท์
245 10 คู่มือ... วิธีจัดทำแฟ้มงานโครงการธุรกิจ =^lBusiness project documentation /^cวีรวุธ มาฆะศิรานนท์
250    พิมพ์ครั้งที่ 3
260    กรุงเทพฯ :^bเอ็กซเปอร์เน็ท,^c2545
300    158 หน้า ;^c21 ซม
440  0 ชุด High performance series
650  7 การเขียนโครงการ
650  7 การบริหารโครงการ
945    ^p220^l0^i015023
999 ^a ทศพร
รายการนี้ยังไม่มีแท็ก
คุณยังไม่ได้ล็อกอิน คุณสามารถมีกิจกรรมร่วมกับเว็บไซต์ได้ แต่ต้องล็อกอินก่อน ::
  ล็อกอิน

รายการสื่อสารสนเทศ

ลำดับที่ ประเภท เลขเรียก/บาร์โค้ด สถานที่ สถานะ
- ไม่พบข้อมูล -

รายการใกล้เคียง
    ผู้แต่ง [วีรวุธ มาฆะศิรานนท์]

    หัวเรื่อง [การเขียนโครงการ]
    หัวเรื่อง [การบริหารโครงการ]

BibComment


ยังไม่เคยถูกคอมเมนท์

คอมเมนท์ทรัพยากรรายการนี้
  คอมเมนท์: คู่มือ วิธีจัดทำแ..


 Copyright 2026. Bcnsprnw @Library